[Event "GER-chT U14"]
[Site "Verden an der Aller"]
[Date "2017.12.30"]
[Round "7.3"]
[White "Tham, Nam"]
[Black "Dirks, Simon"]
[Result "1-0"]
[WhiteElo "1818"]
[BlackElo "1281"]
[PlyCount "65"]
[EventDate "2017.12.26"]
[EventType "team-swiss"]
[EventRounds "7"]
[EventCountry "GER"]
[SourceTitle "CBM 182 Extra"]
[Source "ChessBase"]
[SourceDate "2018.02.23"]
[SourceVersion "1"]
[SourceVersionDate "2018.02.23"]
[SourceQuality "1"]
[WhiteTeam "Weisse Dame"]
[BlackTeam "Aurich"]
[WhiteTeamCountry "GER"]
[BlackTeamCountry "GER"]

1. e4 c5 2. Nf3 d6 3. d4 cxd4 4. Nxd4 Nf6 5. Nc3 a6 6. f3 e5 7. Nb3 h5 8. Be3 Be7 9. Qd2 Be6 10. 0-0-0 Nbd7 11. Be2 b5 12. h3 h4 13. f4 b4 14. Nd5 Nxe4 15. Qd3 Bxd5 16. Qxd5 Ng3 17. Bc4 0-0 18. Rhe1 Nf6 19. Qf3 e4 20. Qf2 Qc7 21. Bd5 Nxd5 22. Rxd5 Rab8 23. Kb1 f5 24. Qd2 Rf6 25. Rd1 Kf7 26. Bf2 Rg6 27. Bxg3 Rxg3 28. Rxf5+ Ke8 29. Rh5 e3 30. Qd5 Rc8 31. Nd4 Qc5 32. Qg8+ Kd7 33. Qe6+ 1-0